McColl v Listing Officer (Record no. 68997)

MARC details
000 -LEADER
fixed length control field 01344cam a2200229 4500
001 - CONTROL NUMBER
control field ABS64831
008 - FIXED-LENGTH DATA ELEMENTS--GENERAL INFORMATION
fixed length control field 011203n2001 000 0 eng u
035 ## - SYSTEM CONTROL NUMBER
System control number (Sirsi) u115828
245 ## - TITLE STATEMENT
Title McColl v Listing Officer
260 ## - PUBLICATION, DISTRIBUTION, ETC.
Date of publication, distribution, etc. 2001
490 ## - SERIES STATEMENT
Series statement Rating Appeals
Volume/sequential designation [2001] RA
520 ## - SUMMARY, ETC.
Summary, etc. QBD 3 September 2001. The appellant (M) appealed against two decisions of valuation tribunals regarding a flat and a house. It was held that the flat, comprising of two bedrooms, a kitchen/living room and bathroom/wc constituted a self contained unit within the meaning of of the Council Tax (Chargeable Dwellings) Order 1992. A second tribunal found that that the house was also a self-contained unit. The central issue was whether the property was two self contained units. The flat had a lockable door, but access to the flat was obtained via the hall, stairs and landing of the house. The flat was let to tenants. "Held", the appeal was dismissed because the valuation tribunals correctly decided that the house and the flat were two self contained units.
590 ## - LOCAL NOTE (RLIN)
Local note ABS
650 ## - SUBJECT ADDED ENTRY--TOPICAL TERM
Topical term or geographic name entry element COUNCIL TAX
650 ## - SUBJECT ADDED ENTRY--TOPICAL TERM
Topical term or geographic name entry element SELF CONTAINED UNITS
650 ## - SUBJECT ADDED ENTRY--TOPICAL TERM
Topical term or geographic name entry element COUNCIL TAX (CHARGEABLE DWELLINGS) ORDER 1992
650 ## - SUBJECT ADDED ENTRY--TOPICAL TERM
Topical term or geographic name entry element HOUSING
650 ## - SUBJECT ADDED ENTRY--TOPICAL TERM
Topical term or geographic name entry element FLATS
650 ## - SUBJECT ADDED ENTRY--TOPICAL TERM
Topical term or geographic name entry element MCCOLL V LISTING OFFICER
690 ## - LOCAL SUBJECT ADDED ENTRY--TOPICAL TERM (OCLC, RLIN)
Topical term or geographic name as entry element RATING AND LOCAL TAXATION-CASE LAW
942 ## - ADDED ENTRY ELEMENTS (KOHA)
Suppress in OPAC 0
Holdings
Withdrawn status Lost status Source of classification or shelving scheme Damaged status Not for loan Home library Current library Shelving location Date acquired Total Checkouts Full call number Barcode Date last seen Copy number Price effective from Koha item type
    Dewey Decimal Classification     London London Journal article 03/12/2001   ABS64831 115828-1001 06/08/2019 1 06/08/2019 Law report